| 000 | 00722nam a2200241Ia 4500 | ||
|---|---|---|---|
| 008 | 160418s9999 xx 000 0 und d | ||
| 020 | _a971-150-118-X | ||
| 050 | _aFIL PL 6061 | ||
| 050 | _b.S28 1997 | ||
| 100 | _aSauco, Consolacion P. | ||
| 245 | _aPanitikang Filipino : | ||
| 245 | _bpandalubhasa / | ||
| 245 | _cConsolacion P. Sauco, Nenita P. Papa, Narcisa S. Sta. Ana. | ||
| 260 | _aQuezon City: | ||
| 260 | _bKatha Pub. Co., Inc., | ||
| 260 | _c1997 | ||
| 300 | _a250 pages : | ||
| 300 | _billustrations ; | ||
| 300 | _c25 cm. | ||
| 500 | _aIncludes bibliographical references. | ||
| 650 | _aPhilippine literature -- Collected works. | ||
| 650 | _xPhilippine literature -- History and criticism. | ||
| 999 |
_c293622 _d293622 |
||